000 00467nam a2200169Ia 4500
999 _c21997
_d21997
003 OSt
005 20200226144557.0
008 190216s9999||||xx |||||||||||||| ||und||
040 _coclc
082 _a297.61
_bMOH/A
100 1 _aMohy-ud-Din, Atta
_92049
245 0 _aAbu Bakr
_cAtta Mohy-ud-din
260 _bS Chand & Co,
_c1968.
_aDelhi:
300 _a205p
650 _aIslamic History
942 _cBK
_2ddc
_h297.61
_iMOH/A
_k297.61
_mMOH/A